1557 1909 1695 1694 1562 1491 1753 1722 1565 1791 1525 1460 1456 1817 1021 1996 1908 1081 1421 1037 1657 1093 1351 1613 1854 1082 1904 1546 1131 1154 1448 1731 1053 1958 1588 1458 1523 1655 1367 1789 1672 1600 1413 1935 1508 1699 1238 1311 1242 1767 1263 1074 1777 1660 1997 1364 1321 1243 1109 1280 1267 1574 1408 1799 1153 1480 1792 1203 1283 1712 1312 1948 1040 1368 1370 1768 1626 1144 1225 1685 1509 1796 1720 1869 1862 1282 1656 1808 1421 1847 1824 1429 1955 1484 1516 1559 1333 1324 1353 BCNSPRNW ULIB Ver.6.0+V

เปลี่ยนเป็นภาษาไทย

Change to English
 แสดงรายละเอียดบรรณานุกรม
  กลับหน้าหลัก

Brief Record : Get Marc (ISO 2709) : E-mail record : QR code < ปิดหน้าต่าง
LEADER : 00000nam 2200000uu 4500
001    13399122089
003     ULIB
008    121226s2551||||th 000 0 tha d
020    ^a9789741033065
060 04 ^aWI700^bอ911ก 2551
100 0  ^aเอมอร ไม้เรียง
245 10 ^aการตรวจวินิจฉัยทางรังสีและรังสีร่วมรักษาของโรคตับทางเดินน้ำดีและตับอ่อน /^cเอมอร ไม้เรียง
250    ^aพิมพ์ครั้งที่ 1
260    ^aขอนแก่น :^bภาควิชารังสีวิทยา คณะแพทยศาสตร์มหาวิทยาลัยขอนแก่น,^c2551
300    ^a128 หน้า :^bภาพประกอบ ;^c30 ซม.
650  2 ^aตับ, โรค^xการวินิจฉัยและรักษา
650  7 ^aตับ^xโรค^xการวินิจฉัยและรักษา
650  7 ^aทางเดินน้ำดี, โรค^xการรักษาด้วยรังสี
650  7 ^aระบบประสาท, โรค^xการรักษา
650  7 ^aทางเดินน้ำดี^xโรค^xการรักษาด้วยรังสี
650  7 ^aตับอ่อน^xการรักษาด้วยรังสี
710 2  ^aมหาวิทยาลัยขอนแก่น. ^bคณะแพทยศาสตร์. ^bภาควิชารังสีวิทยา
945    ^p0^l0^i15731
945    ^p0^l0^i15732
945    ^p0^l0^i16036
995    ^aทศพร
999    ^aทศพร เกษรทอง
รายการนี้ยังไม่มีแท็ก
คุณยังไม่ได้ล็อกอิน คุณสามารถมีกิจกรรมร่วมกับเว็บไซต์ได้ แต่ต้องล็อกอินก่อน ::
  ล็อกอิน

รายการสื่อสารสนเทศ

ลำดับที่ ประเภท เลขเรียก/บาร์โค้ด สถานที่ สถานะ
1. วิทยาศาสตร์การแพทย์ และสุขภาพ
วิทยาศาสตร์การแพทย์ และสุขภาพ
WI700 อ911ก 2551 ฉ.1 
  Barcode: 15731
ห้องสมุดวิทยาเขตสวรรค์ประชารักษ์
►ส่วนจัดเก็บหนังสือเก่า สปร
บนชั้น
  ขอยืม
2. วิทยาศาสตร์การแพทย์ และสุขภาพ
วิทยาศาสตร์การแพทย์ และสุขภาพ
WI700 อ911ก 2551 ฉ.2 
  Barcode: 15732
ห้องสมุดวิทยาเขตสวรรค์ประชารักษ์
►ส่วนจัดเก็บหนังสือเก่า สปร
บนชั้น
  ขอยืม
3. วิทยาศาสตร์การแพทย์ และสุขภาพ
วิทยาศาสตร์การแพทย์ และสุขภาพ
WI700 อ911ก 2551 ฉ.3 
  Barcode: 16036
ห้องสมุดวิทยาเขตสวรรค์ประชารักษ์
►ส่วนจัดเก็บหนังสือเก่า สปร
บนชั้น
  ขอยืม

รายการใกล้เคียง
    ผู้แต่ง [เอมอร ไม้เรียง]

BibComment


ยังไม่เคยถูกคอมเมนท์

คอมเมนท์ทรัพยากรรายการนี้
  คอมเมนท์: การตรวจวินิจฉัยท..


 Copyright 2026. Bcnsprnw @Library